| 000 | 01996nam a2200229 a 4500 | ||
|---|---|---|---|
| 001 | ASIN1906155984 | ||
| 003 | OSt | ||
| 005 | 20180116192423.0 | ||
| 008 | 140714s2010 xxu eng d | ||
| 020 |
_a1906155984 (paperback) _c$39.95 |
||
| 020 | _a9781906155988 (paperback) | ||
| 040 | _csada | ||
| 082 |
_a720.10309485 _bSWE 2010 |
||
| 245 | 0 | 0 |
_aSwedish modernism : _barchitecture, consumption and the welfare state / _cedited by Helena Mattsson and Sven-olov Wallenstein.. |
| 260 |
_aLondon : _bBlack Dog Publishing., _c2010. |
||
| 300 |
_a192 p. ; _c25 cm. |
||
| 520 | _aSwedish Modernism is a comprehensive reader analysing the role of modern architecture, city planning and consumption in the construction of the Swedish welfare state. The book draws mainly from the formative phase of the Swedish model, but also on European and American examples, and attempts to highlight the contradictions and complexities of the process of modernisation. Swedish Modernism provides an in-depth, multilayered account of the process of modernisation; whilst also highlighting the difficulties found. The debate is enriched from a diverse range of contributors including architects, researchers and leading academics from across the globe. Swedish Modernism includes an introduction from Helena Mattsson and Sven-Olov Wallenstein and contributions from leading academics from New York's Columbia University and London's UCL; alongside architects in the field. The essays explore the construction of the welfare state, contextualising this in relation to the political and social factors of the time, consumers and spectacles--from housing to national marketing programmes. Specific case studies are featured and the reader ends with a section dealing with the more general problem of historiography. | ||
| 650 |
_aWelfare state. _97655 |
||
| 650 |
_aArchitecture and society. _97656 |
||
| 856 | 4 | 0 |
_3Amazon.com _uhttp://www.amazon.com/exec/obidos/ASIN/1906155984/chopaconline-20 |
| 942 |
_2ddc _cBK |
||
| 999 |
_c353982 _d353982 |
||